Statistics for What's the Pattern?

Click here to take the quiz!

General Stats

  • This quiz has been taken 150 times
    (128 since last reset)
  • The average score is 9 of 10

Answer Stats

HintAnswer% Correct
1,2,3,4...5
100%
1,3,5,7...9
100%
A,B,C,D...E
100%
8,6,4,2...0
99%
Z,Y,X,W...V
99%
1,2,4,7...11
91%
1,A,4,B...7
86%
B,5,F,8...J
82%
1,4,9,16...25
81%
A,D,I,PY
70%

Score Distribution

Percentile by Number Answered

Percent of People with Each Score

Your Score History

You have not taken this quiz since the last reset